Programming with C (Schaum's Outlines) (Record no. 3714)
[ view plain ]
| 000 -LEADER | |
|---|---|
| fixed length control field | 00378nam a2200157Ia 4500 |
| 008 - FIXED-LENGTH DATA ELEMENTS--GENERAL INFORMATION | |
| fixed length control field | 191201s2008 xx 000 0 und d |
| 020 ## - INTERNATIONAL STANDARD BOOK NUMBER | |
| International Standard Book Number | 9780070593695 |
| 082 ## - DEWEY DECIMAL CLASSIFICATION NUMBER | |
| Classification number | 005.133 |
| Item number | GOP |
| 100 ## - MAIN ENTRY--PERSONAL NAME | |
| Personal name | Gottfried, Byron S |
| 245 #0 - TITLE STATEMENT | |
| Title | Programming with C (Schaum's Outlines) |
| 250 ## - EDITION STATEMENT | |
| Edition statement | Rep. |
| 260 ## - PUBLICATION, DISTRIBUTION, ETC. (IMPRINT) | |
| Place of publication, distribution, etc | N.Delhi |
| Name of publisher, distributor, etc | TMH |
| Date of publication, distribution, etc | 2008 |
| 300 ## - PHYSICAL DESCRIPTION | |
| Extent | 407 |
| 650 ## - SUBJECT ADDED ENTRY--TOPICAL TERM | |
| Topical term or geographic name as entry element | MCA |
| 942 ## - ADDED ENTRY ELEMENTS (KOHA) | |
| Source of classification or shelving scheme | Dewey Decimal Classification |
| Koha item type | Text Books |
| 942 ## - ADDED ENTRY ELEMENTS (KOHA) | |
| -- | 7 |
| Withdrawn status | Lost status | Source of classification or shelving scheme | Damaged status | Not for loan | Collection code | Home library | Current library | Date acquired | Source of acquisition | Cost, normal purchase price | Bill Number | Total Checkouts | Full call number | Acc. no. / Barcode | Date last seen | Bill Date | Koha item type | Date last borrowed | Public note |
|---|---|---|---|---|---|---|---|---|---|---|---|---|---|---|---|---|---|---|---|
| Dewey Decimal Classification | MCA | PIET C-LIBRARY | PIET C-LIBRARY | 27/12/2008 | J B C, New Delhi | 275.00 | SI-4768 | 005.133 GOS | 10849 | 04/12/2019 | 20/12/2008 | Text Books | |||||||
| Dewey Decimal Classification | MCA | PIET C-LIBRARY | PIET C-LIBRARY | 27/12/2008 | J B C, New Delhi | 275.00 | SI-4768 | 1 | 005.133 GOP | 10850 | 14/12/2022 | 20/12/2008 | Text Books | 29/11/2022 | |||||
| Dewey Decimal Classification | MCA | PIET C-LIBRARY | PIET C-LIBRARY | 27/12/2008 | J B C, New Delhi | 275.00 | SI-4768 | 2 | 005.133 GOP | 10851 | 28/10/2022 | 20/12/2008 | Text Books | 14/10/2022 | |||||
| Dewey Decimal Classification | MCA | PIET C-LIBRARY | PIET C-LIBRARY | 27/12/2008 | J B C, New Delhi | 275.00 | SI-4768 | 2 | 005.133 GOP | 10852 | 13/03/2025 | 20/12/2008 | Text Books | 21/01/2022 | . | ||||
| Dewey Decimal Classification | Computer Science & Engineering in Cyber Security | PIET C-LIBRARY | PIET C-LIBRARY | 27/12/2008 | J B C, New Delhi | 275.00 | SI-4768 | 1 | 005.133 GOP | 10853 | 14/10/2022 | 20/12/2008 | Text Books | 04/10/2022 | |||||
| Dewey Decimal Classification | Computer Science & Engineering in Cyber Security | PIET C-LIBRARY | PIET C-LIBRARY | 27/12/2008 | J B C, New Delhi | 275.00 | SI-4768 | 2 | 005.133 GOP | 10854 | 13/12/2025 | 20/12/2008 | Text Books | 26/09/2025 | |||||
| Dewey Decimal Classification | Computer Science & Engineering in Cyber Security | PIET C-LIBRARY | PIET C-LIBRARY | 27/12/2008 | J B C, New Delhi | 275.00 | SI-4768 | 005.133 GOP | 10855 | 04/12/2019 | 20/12/2008 | Text Books |